Série télévisée : Le Prisonnier - Statistiques

Statistiques générales
  • Ce quiz a été pris 10 fois
  • Le résultat moyen est 13 sur 18
Statistiques - réponses
Questions Réponses % Correct
Complétez cette réplique du Prisonnier : "Je ne suis pas un numéro. Je suis un homme ___". Libre
100%
Complétez cette réplique du Prisonnier : "Je ne veux pas conclure un quelconque marché. J'ai démissionné. Je ne veux pas me faire ficher, estampiller, enregistrer ni me faire classer puis déclasser ou numéroter. Ma __ m'appartient." Vie
100%
Nationalités du précédent. Américaine
89%
Nombre total d'épisodes de l'unique saison de la série. Dix-sept
89%
Nationalités du précédent. Irlandaise
89%
Nation du Royaume-Uni dans laquelle se trouve le village de Portmeirion dans lequel ont été tournés la majorité des épisodes de la série. Le Pays de Galle
89%
Événement politique majeur dans un système démocratique qui est caricaturé dans l'épisode 4 de la série "Liberté pour tous". Les élections
89%
Numéro du personnage principal. Six
89%
"Célèbre guerre" dans l'actuelle Afrique du Sud qui se déroula entre 1899 et 1902 comme le rappelle le cours d'histoire en accéléré du "Professeur" de l'épisode 6 ("Le Général"). La Guerre des Boers
78%
Genre cinématographique typiquement américain qui sert de cadre à l'épisode 14 "Musique douce". Le western
78%
Homme d'État allemand cité dans ce dialogue entre N°2 (Colin Gordon) et le personnage principal (sixième épisode : "Le Général"), au sujet du cours d'histoire en accéléré dispensé par le "Professeur" sous forme d'intelligence artificielle : - Qui aida ______ à lutter contre le Prince du Danemark, Christian de Glücksbourg ? - Frédéric II Augustenbourg. Lui tout comme le Bundestag n'avait jamais accepté le Traité de Londres en 1852. ______ voulait une revanche mais il tenait à une alliance entre la Prusse et l'Autriche et non pas entre la Prusse et les différents états allemands. Il se doutait qu'une guerre victorieuse sur les Danois en 1864 aurait les mêmes effets sur la Prusse que la participation de l'Italie de Cavour à la Guerre de Crimée. Et il pensait que ça le pousserait à la tête de l'empire et il était certain que la première conséquence serait de donner immédiatement à son pays un plus grand prestige. Otto von Bismarck
78%
Acteur principal, scénariste, réalisateur de quatre épisodes et producteur délégué de la série. Patrick McGoohan
78%
Ancien type de bicyclette avec une roue avant très haute par rapport à la roue arrière. Il est l'emblème du village. Le grand bi
67%
Pays dans lequel la série a été diffusée pour la première fois sur le réseau CTV. Le Canada
44%
Animal qui représente le Numéro un, probablement une référence biblique. Un singe
44%
Marque de voiture automobile britannique dont le "Prisonnier" conduit le modèle "Seven", un modèle sport. Lotus
33%
Nom de l'énorme boule blanche mobile qui paralyse les prisonniers du "Village" qui tentent de s'évader (nom original ou français accepté). Rover - Le Rôdeur
33%
Acteur australien qui est le seul à jouer le rôle de Numéro 2 dans trois épisodes de la série (dans "Le Carillon de Big Ben", puis dans les deux derniers épisodes "Il était une fois" et "Le Dénouement"). Il a également joué dans le film "Help" avec les Beatles et dans "La maîtresse du lieutenant français" avec Meryl Streep et Jeremy Irons. Leo McKern
0%
Aucun quiz correspondant
Distribution des résultats
% des personnes avec chaque résultat
Percentile par nombre de réponses
Votre historique - résultats
Vous n’avez pas pris ce quiz